00449nam a22001577a 4500008004100000020001800041040005500059080001900114245003000133260003900163300001400202500001700216650001300233653002100246700002400267230808b |||||||| |||| 00| 0 eng d a0-12-021811-9 aNational Science LibrarycNational Science Library a551.46/.48(05) aAdvances in hydroscience  aNew York: bAcademic Press, c1978 ax, 437p.  aVol. 11 1978 aScience  aWater resources  aChow, Ven Te (Ed.)